000 00326nam a2200133Ia 4500
003 GCL
008 140319s9999 xx 000 0 ara d
040 _aGCL /
_cGCL
082 0 4 _a301.32
_bا ب
245 1 0 _aالبداوة المنقذة
260 _a[S.N] :
_bدار الاصالة ،
_c1978
300 _a151 ص
490 _a
999 _c53404
_d53404